Conjugation of fàre - Statistics

General Stats
  • This quiz has been taken 5 times
  • The average score is 32 of 57
Answer Stats
Answer % Correct
fàre
100%
avére
75%
facciàmo
75%
fàccio
75%
facèndo
75%
facènte
75%
fài
75%
fànno
75%
{fà}1
75%
fàte
75%
fàtto
75%
fàccia
50%
fàccia
50%
fàccia
50%
fàccia
50%
facciàmo
50%
facciàmo
50%
fàcciano
50%
fàcciano
50%
facciàte
50%
facémmo
50%
facésse
50%
facéssero
50%
facéssi
50%
facéssi
50%
facéssimo
50%
facéste
50%
facéste
50%
facésti
50%
facéva
50%
facevàmo
50%
facévano
50%
facevàte
50%
facévi
50%
facévo
50%
fài, fà'
50%
farà
50%
farài
50%
farànno
50%
farèbbe, farébbe
50%
farèbbero, farébbero
50%
farèi
50%
farémmo
50%
farémo
50%
faréste
50%
farésti
50%
faréte
50%
farò
50%
fàte
50%
féce
50%
fécero
50%
féci
50%
non fàccia
50%
non facciàmo
50%
non fàcciano
50%
non fàre
50%
non fàte
50%
No matching quizzes found
Score Distribution
Percent of People with Each Score
Percentile by Number Answered
Your Score History
You have not taken this quiz